Introducción a la antropología / (Record no. 31156)

MARC details
000 -LEADER
campo de control de longitud fija 00666nam a2200193 i 4500
001 - NÚMERO DE CONTROL
campo de control 31156
003 - IDENTIFICADOR DE NÚMERO DE CONTROL
campo de control ES-MaACL
005 - FECHA Y HORA DE LA ÚLTIMA TRANSACCIÓN
campo de control 20230906154327.0
007 - CAMPO FIJO DE DESCRIPCIÓN FÍSICA--INFORMACIÓN GENERAL
campo de control de longitud fija t|
008 - DATOS DE LONGITUD FIJA--INFORMACIÓN GENERAL
campo de control de longitud fija 030128s1963 sp ||||1| spa d
100 1# - ENTRADA PRINCIPAL--NOMBRE DE PERSONA
Nombre de persona Beals, Ralph León.
9 (RLIN) 26776
245 10 - MENCIÓN DEL TÍTULO
Título Introducción a la antropología /
Mención de responsabilidad, etc. Ralph León Beals y Harry Hoijer ; con la colaboración de Virginia More Roediger ; traducción de Juan Martín.
260 ## - PUBLICACIÓN, DISTRIBUCIÓN, ETC.
Lugar de publicación, distribución, etc. Madrid :
Nombre del editor, distribuidor, etc. Aguilar Orbe,
Fecha de publicación, distribución, etc. [1963]
300 ## - DESCRIPCIÓN FÍSICA
Extensión XXIV, 716 p. :
Otras características físicas il. ;
Dimensiones 21 cm.
700 1# - ENTRADA AGREGADA--NOMBRE PERSONAL
Nombre de persona Hoijer, Harry.
9 (RLIN) 63988
700 1# - ENTRADA AGREGADA--NOMBRE PERSONAL
Nombre de persona Roediger, Virginia More.
9 (RLIN) 98898
700 1# - ENTRADA AGREGADA--NOMBRE PERSONAL
Nombre de persona Martín, Juan.
9 (RLIN) 77330
852 ## - LOCALIZACIÓN
Ubicación ES-MaACL
Número de control de estantería C-23655
Sublocalización o colección R.52308
Holdings
Estatus retirado Estado de pérdida Estado de daño No para préstamo Biblioteca de origen Biblioteca actual Ubicación en estantería Fecha de adquisición Fuente de adquisición Total de préstamos Signatura topográfica completa Código de barras Visto por última vez Precio de reemplazo Tipo de ítem Koha
        Biblioteca del Ateneo de Madrid Biblioteca del Ateneo de Madrid Depósito 2 17/01/2008     C-23655 1032187 23/02/2023 23/02/2023 Libro impreso